[Event "GRE-ch U16"]
[Site "Patras"]
[Date "2019.06.27"]
[Round "4.8"]
[White "Vardakas, Grigorios"]
[Black "Kormas, Georgios"]
[Result "1-0"]
[WhiteElo "2045"]
[BlackElo "1821"]
[PlyCount "135"]
[EventDate "2019.06.25"]
[EventType "swiss"]
[EventRounds "9"]
[EventCountry "GRE"]
[SourceTitle "EXT 2020"]
[Source "ChessBase"]
[SourceDate "2019.10.17"]
[SourceVersion "1"]
[SourceVersionDate "2019.10.17"]
[SourceQuality "1"]
[WhiteTeam "Greece"]
[BlackTeam "Greece"]
[WhiteTeamCountry "GRE"]
[BlackTeamCountry "GRE"]

1. e4 c5 2. Nf3 d6 3. Bb5+ Nd7 4. c3 Ngf6 5. Bd3 e5 6. 0-0 g6 7. Bc2 Bg7 8. Re1 0-0 9. d4 Qc7 10. Bg5 h6 11. Bxf6 Nxf6 12. dxe5 dxe5 13. c4 Be6 14. Qe2 Nh5 15. Nc3 Nf4 16. Qf1 Bg4 17. Nd2 Qd8 18. Nb3 Qg5 19. Kh1 b6 20. f3 Be6 21. Nd5 Rad8 22. a4 Bc8 23. a5 Rd6 24. axb6 axb6 25. Ra7 Rfd8 26. Qf2 h5 27. Rd1 h4 28. Qf1 Bf8 29. Rda1 Ne6 30. Bd3 Nf4 31. Bc2 Ne6 32. Qf2 Kg7 33. Ra8 Bb7 34. R8a7 R8d7 35. R7a2 Kg8 36. Ra7 Bh6 37. R7a2 Kg7 38. Ra7 Qd8 39. R7a2 Nf4 40. Rd1 Qg5 41. Nc1 h3 42. g3 Ng2 43. Bd3 f5 44. b3 Qd8 45. Re2 fxe4 46. Bxe4 Bxd5 47. Bxd5 Qf6 48. Na2 e4 49. fxe4 Qe5 50. Rf1 Rf6 51. Qxf6+ Qxf6 52. Rxf6 Kxf6 53. e5+ Ke7 54. e6 Rd8 55. Rf2 Ne3 56. Rf7+ Kd6 57. Nc3 Nxd5 58. cxd5 Ra8 59. Kg1 Be3+ 60. Kf1 Bg5 61. Ne4+ Kxd5 62. Nxg5 Ra1+ 63. Kf2 Ra2+ 64. Kf3 Kd6 65. Rd7+ Kc6 66. Nf7 Rxh2 67. Ne5+ Kb5 68. e7 1-0

[Event "GRE-ch U16"]
[Site "Rio Achaia"]
[Date "2018.07.06"]
[Round "6"]
[White "Vardakas, Grigorios"]
[Black "Kormas, Georgios"]
[Result "1-0"]
[WhiteElo "2093"]
[BlackElo "1705"]
[PlyCount "111"]
[EventDate "2018.07.03"]
[EventType "swiss"]
[EventRounds "9"]
[EventCountry "GRE"]
[SourceTitle "EXT 2019"]
[Source "ChessBase"]
[SourceDate "2018.10.10"]
[SourceVersion "1"]
[SourceVersionDate "2018.10.10"]
[SourceQuality "1"]

1. d4 Nf6 2. c4 e6 3. g3 d5 4. Nf3 Be7 5. Bg2 0-0 6. Nbd2 Nbd7 7. 0-0 c6 8. Qc2 b6 9. e4 dxe4 10. Nxe4 Bb7 11. Rd1 Nxe4 12. Qxe4 Nf6 13. Qe2 Qc8 14. b3 Rd8 15. Bb2 Qc7 16. Rac1 c5 17. dxc5 bxc5 18. Ne5 a5 19. Rxd8+ Rxd8 20. Rd1 Ra8 21. a4 Rb8 22. Rd3 h6 23. f4 Bxg2 24. Qxg2 Rd8 25. Rxd8+ Bxd8 26. Qd2 Qb6 27. Qd3 Be7 28. Kf1 Qb7 29. Kg1 Ne4 30. Bc1 Bd6 31. Nf3 f5 32. Nd2 Nxd2 33. Bxd2 Qb6 34. Kf1 Bc7 35. Ke2 Qc6 36. Kd1 Kh7 37. Kc2 Qe4 38. Qxe4 fxe4 39. Kd1 h5 40. h3 Kg6 41. g4 hxg4 42. hxg4 e5 43. f5+ Kf6 44. Ke2 g6 45. fxg6 Kxg6 46. Ke3 Kg5 47. Kxe4+ Kxg4 48. Bc3 Kg5 49. Bxe5 Bd8 50. Kd5 Kf5 51. Bd6 Bf6 52. Bxc5 Bc3 53. Bd4 Be1 54. c5 Bd2 55. c6 Bf4 56. Bb6 1-0

[Event "GRE-chT 45th"]
[Site "Achaia"]
[Date "2017.07.04"]
[Round "3.17"]
[White "Kormas, Georgios"]
[Black "Argyropoulos, Theodoros"]
[Result "0-1"]
[WhiteElo "1647"]
[BlackElo "1629"]
[PlyCount "95"]
[EventDate "2017.07.03"]
[EventType "team-swiss"]
[EventRounds "7"]
[EventCountry "GRE"]
[SourceTitle "CBM 179 Extra"]
[Source "ChessBase"]
[SourceDate "2017.08.23"]
[SourceVersion "1"]
[SourceVersionDate "2017.08.23"]
[SourceQuality "1"]
[WhiteTeam "Filiatron CN"]
[BlackTeam "Patron Sailing"]
[WhiteTeamCountry "GRE"]
[BlackTeamCountry "GRE"]

1. e4 e5 2. Nf3 Nc6 3. Bc4 Bc5 4. 0-0 Nf6 5. d3 h6 6. c3 d6 7. Nbd2 0-0 8. Bb3 b5 9. a4 b4 10. h3 a5 11. Re1 Re8 12. Nc4 Be6 13. d4 Bxc4 14. Bxc4 exd4 15. cxd4 Bb6 16. Bb5 Ne7 17. Bxe8 Qxe8 18. e5 dxe5 19. dxe5 Rd8 20. Qc2 Nfd5 21. Qe4 Nc6 22. Qg4 Qe6 23. Qe4 Re8 24. Rd1 Nf6 25. Qh4 Nxe5 26. Nxe5 Qxe5 27. Bf4 Qxb2 28. Rab1 Qa2 29. Bxh6 Ne4 30. Be3 Bxe3 31. fxe3 Nc3 32. Ra1 Qe6 33. Rd3 Qe5 34. Qe1 c5 35. Rc1 Nxa4 36. Ra1 Nb2 37. Rd2 Nc4 38. Re2 Rd8 39. Qc1 Qe4 40. Rc2 Nxe3 41. Re2 Qd4 42. Rxe3 Re8 43. Kf2 Rxe3 44. Qxe3 Qxa1 45. Qxc5 g6 46. Qb5 Qb2+ 47. Kg3 Qc3+ 48. Kf4 0-1

[Event "GRE-ch U14"]
[Site "Achaia"]
[Date "2017.07.02"]
[Round "9"]
[White "Kormas, Georgios"]
[Black "Thomaidis, Panagiotis Georgios"]
[Result "1-0"]
[WhiteElo "1647"]
[BlackElo "1446"]
[PlyCount "49"]
[EventDate "2017.06.26"]
[EventType "swiss"]
[EventRounds "9"]
[EventCountry "GRE"]
[SourceTitle "EXT 2018"]
[Source "ChessBase"]
[SourceDate "2017.10.13"]
[SourceVersion "1"]
[SourceVersionDate "2017.10.13"]
[SourceQuality "1"]

1. e4 e5 2. Nf3 Nc6 3. Bc4 Nf6 4. d3 Be7 5. 0-0 d6 6. c3 Bg4 7. Nbd2 0-0 8. Bb3 Qd7 9. h3 Be6 10. Re1 Bxb3 11. Nxb3 Rfe8 12. d4 exd4 13. cxd4 Qd8 14. a3 a5 15. Qc2 Nd7 16. Nbd2 Bf6 17. Qd3 g6 18. Nf1 Bg7 19. Bg5 Qb8 20. Ne3 Nb6 21. Ng4 Qa7 22. Nf6+ Bxf6 23. Bxf6 h6 24. Qd2 Kh7 25. Nh2 1-0

[Event "Sparta ESPPEP-ch op 13th"]
[Site "Sparta"]
[Date "2017.04.02"]
[Round "4.3"]
[White "Kormas, Georgios"]
[Black "Hrisafis, Argirios"]
[Result "1-0"]
[WhiteElo "1555"]
[BlackElo "1876"]
[PlyCount "91"]
[EventDate "2017.03.31"]
[EventType "swiss"]
[EventRounds "5"]
[EventCountry "GRE"]
[SourceTitle "EXT 2024"]
[Source "ChessBase"]
[SourceDate "2023.10.10"]
[SourceVersion "1"]
[SourceVersionDate "2023.10.10"]
[SourceQuality "1"]

1. e4 c5 2. Nc3 g6 3. g3 Bg7 4. Bg2 Nc6 5. d3 d6 6. f4 Nf6 7. Nf3 Be6 8. 0-0 Qd7 9. Be3 Ng4 10. Bd2 Nd4 11. h3 Nxf3+ 12. Qxf3 Bd4+ 13. Kh1 h5 14. f5 gxf5 15. exf5 Bxf5 16. Qxf5 Qxf5 17. Rxf5 Nf2+ 18. Kh2 Ng4+ 19. hxg4 hxg4+ 20. Bh3 Rxh3+ 21. Kg2 e6 22. Rff1 Ke7 23. Bg5+ f6 24. Bh4 Be5 25. Ne2 Rh8 26. Rh1 Rxh1 27. Rxh1 Kf7 28. c3 f5 29. Bg5 Rxh1 30. Kxh1 b5 31. Bf4 Kf6 32. Kg2 Bxf4 33. Nxf4 Ke5 34. Kf2 a5 35. Ke3 d5 36. d4+ cxd4+ 37. cxd4+ Kf6 38. Nd3 Kg5 39. Nc5 f4+ 40. gxf4+ Kf5 41. Nd3 g3 42. Ne1 Kg4 43. Ng2 Kh3 44. Kf3 Kh2 45. f5 exf5 46. Nf4 1-0

[Event "Sparta ESPPEP-ch op 13th"]
[Site "Sparta"]
[Date "2017.03.31"]
[Round "1.3"]
[White "Kormas, Georgios"]
[Black "Dimitropoulos, Vasilios"]
[Result "1-0"]
[WhiteElo "1555"]
[BlackElo "1712"]
[PlyCount "73"]
[EventDate "2017.03.31"]
[EventType "swiss"]
[EventRounds "5"]
[EventCountry "GRE"]
[SourceTitle "EXT 2024"]
[Source "ChessBase"]
[SourceDate "2023.10.10"]
[SourceVersion "1"]
[SourceVersionDate "2023.10.10"]
[SourceQuality "1"]

1. e4 c5 2. Nc3 e6 3. g3 Nc6 4. Bg2 Nf6 5. d3 Be7 6. f4 d6 7. Nf3 a6 8. a4 h6 9. 0-0 0-0 10. h3 e5 11. Ne2 Rb8 12. c3 b5 13. axb5 axb5 14. Be3 b4 15. c4 Bd7 16. Kh2 Ra8 17. Qc2 Qb6 18. Rxa8 Rxa8 19. Nc1 Ra6 20. Nb3 Qa7 21. fxe5 dxe5 22. Qf2 Nd4 23. Bxd4 exd4 24. e5 Nh7 25. Nfxd4 Be8 26. Nb5 Qb6 27. Bd5 Ng5 28. h4 Ne6 29. Nd2 Nd8 30. Ne4 Qb8 31. Nbd6 Bxd6 32. Nxd6 Rxd6 33. exd6 Qxd6 34. Qf4 Qe7 35. Qe4 Qd7 36. Re1 Kf8 37. Qh7 1-0

[Event "GRE-chT 44th"]
[Site "Achaia"]
[Date "2016.07.10"]
[Round "7.16"]
[White "Kormas, Georgios"]
[Black "Tsoukalas, Konstantinos G"]
[Result "1-0"]
[WhiteElo "1404"]
[BlackElo "1322"]
[PlyCount "113"]
[EventDate "2016.07.05"]
[EventType "team-swiss"]
[EventRounds "7"]
[EventCountry "GRE"]
[SourceTitle "CBM 173 Extra"]
[Source "ChessBase"]
[SourceDate "2016.08.29"]
[SourceVersion "1"]
[SourceVersionDate "2016.08.29"]
[SourceQuality "1"]
[WhiteTeam "Filiatron CN"]
[BlackTeam "Elefsinas STM"]
[WhiteTeamCountry "GRE"]
[BlackTeamCountry "GRE"]

1. e4 e5 2. Nf3 Nc6 3. Bc4 Nf6 4. Ng5 d5 5. exd5 Na5 6. d3 h6 7. Nf3 Bg4 8. Qe2 Bd6 9. 0-0 0-0 10. Nbd2 Re8 11. Ne4 Qe7 12. h3 Bh5 13. Bd2 Nxc4 14. dxc4 Nxe4 15. Qxe4 Qf6 16. Nh2 Rad8 17. Ng4 Bxg4 18. Qxg4 Re7 19. Bc3 b6 20. f4 Qg6 21. Qxg6 fxg6 22. fxe5 Bxe5 23. Bxe5 Rxe5 24. Rfe1 Rde8 25. Rxe5 Rxe5 26. Kf1 Re4 27. b3 b5 28. cxb5 Rd4 29. c4 Rd2 30. Kg1 Re2 31. Kh2 Kf7 32. a4 Rb2 33. Rf1+ Ke7 34. Rf3 Rb1 35. Kg3 g5 36. Kg4 Rb2 37. g3 Re2 38. Kh5 Re5 39. Kg6 g4 40. hxg4 Rg5+ 41. Kh7 Rxg4 42. Kg8 g5 43. Kg7 h5 44. Re3+ Kd7 45. Kf6 h4 46. gxh4 gxh4 47. Rh3 Kd6 48. Kf7 Ke5 49. Ke8 Kf4 50. Kd8 Rg8+ 51. Kxc7 Kg4 52. Rh1 Rg7+ 53. Kc6 Rh7 54. d6 Rh6 55. Kc7 h3 56. d7 Rh7 57. Kc8 1-0

[Event "GRE ESSPEP-ch 12th"]
[Site "Kalamata"]
[Date "2016.04.27"]
[Round "4"]
[White "Kormas, Georgios"]
[Black "Bakis, Apollon Fivos"]
[Result "1-0"]
[WhiteElo "1403"]
[BlackElo "1328"]
[PlyCount "97"]
[EventDate "2016.04.25"]
[EventType "swiss"]
[EventRounds "5"]
[EventCountry "GRE"]
[SourceTitle "EXT 2024"]
[Source "ChessBase"]
[SourceDate "2023.10.10"]
[SourceVersion "1"]
[SourceVersionDate "2023.10.10"]
[SourceQuality "1"]

1. e4 e6 2. d4 d5 3. Nd2 dxe4 4. Nxe4 b6 5. c3 Nd7 6. Nf3 Bb7 7. Bd3 Ngf6 8. Bg5 Be7 9. Nxf6+ Nxf6 10. Bxf6 Bxf6 11. Qe2 a5 12. Be4 Ba6 13. Qc2 Rb8 14. Qa4+ Ke7 15. Qa3+ Qd6 16. Qxd6+ cxd6 17. Rd1 d5 18. Bd3 Bxd3 19. Rxd3 Rhc8 20. 0-0 b5 21. a3 b4 22. axb4 axb4 23. h3 bxc3 24. bxc3 Rb3 25. Rc1 Kd6 26. Kf1 Bd8 27. Ng1 Ba5 28. Ne2 Rcb8 29. Ke1 Bb4 30. Rcd1 Ba3 31. Kd2 Kd7 32. Ke3 Rc8 33. R1d2 Kc6 34. Rc2 Kb5 35. Kd2 Kc4 36. Rg3 g6 37. Rf3 Rc7 38. Nc1 Bxc1+ 39. Kxc1 Rcb7 40. Kd2 Re7 41. Re3 f6 42. Rf3 f5 43. Rd3 Rb6 44. Ke2 Rc7 45. Rc1 Rbc6 46. Kd2 f4 47. Rf3 g5 48. Rb1 Re7 49. Rb4# 1-0

[Event "GRE ESSPEP-ch 12th"]
[Site "Kalamata"]
[Date "2016.04.25"]
[Round "1"]
[White "Kormas, Georgios"]
[Black "Dimitropoulos, Vasilios"]
[Result "0-1"]
[WhiteElo "1403"]
[BlackElo "1818"]
[PlyCount "139"]
[EventDate "2016.04.25"]
[EventType "swiss"]
[EventRounds "5"]
[EventCountry "GRE"]
[SourceTitle "EXT 2024"]
[Source "ChessBase"]
[SourceDate "2023.10.10"]
[SourceVersion "1"]
[SourceVersionDate "2023.10.10"]
[SourceQuality "1"]

1. e4 c5 2. Nc3 Nc6 3. g3 e6 4. Bg2 Nf6 5. d3 Be7 6. Nge2 0-0 7. 0-0 a6 8. Bd2 b5 9. Qc1 b4 10. Nd1 Bb7 11. h3 d5 12. exd5 Nxd5 13. Re1 Bf6 14. Ne3 Nce7 15. Rb1 Qc7 16. c3 Nxe3 17. Bxb7 Qxb7 18. Bxe3 Rac8 19. Bg5 Bxg5 20. Qxg5 h6 21. Qg4 Ng6 22. Nf4 Nxf4 23. Qxf4 Rfd8 24. Qe4 Qd7 25. cxb4 Qxd3 26. Qxd3 Rxd3 27. bxc5 Rxc5 28. Red1 Rf3 29. Rd2 e5 30. Re2 f5 31. Kg2 e4 32. Rbe1 Rd3 33. Re3 Rd2 34. R1e2 Rcc2 35. Rxd2 Rxd2 36. Rb3 a5 37. Kf1 a4 38. Rb8+ Kf7 39. a3 Kf6 40. Rb6+ Kg5 41. Rb7 g6 42. Rb6 h5 43. Ke1 Rc2 44. h4+ Kg4 45. Rxg6+ Kf3 46. Rg5 Re2+ 47. Kd1 Rxf2 48. Rxf5+ Kxg3 49. Rxh5 Rxb2 50. Re5 Kf4 51. Re8 Rh2 52. Rf8+ Ke3 53. Rh8 Kd3 54. Rd8+ Kc3 55. h5 Rxh5 56. Rb8 Rh2 57. Rc8+ Kb3 58. Rb8+ Kxa3 59. Re8 Rh4 60. Ke2 Kb2 61. Rb8+ Ka2 62. Ke3 a3 63. Rd8 Ka1 64. Rg8 a2 65. Rf8 Rh2 66. Kxe4 Kb1 67. Rb8+ Rb2 68. Rf8 a1Q 69. Rf1+ Ka2 70. Rxa1+ 0-1